| 000 | 01170nam a22002537a 4500 | ||
|---|---|---|---|
| 999 |
_c22204 _d22204 |
||
| 003 | AR-CdUCM | ||
| 008 | 190425b ||||| |||| 00| 0 spa d | ||
| 040 |
_aMUNICIPALIDAD PROVINCIAL DEL CUSCO _cBIBLIOTECA MUNICIPAL DEL CUSCO |
||
| 082 | _aBurrito/N°60/2014 | ||
| 245 |
_aEl burrito cienciano : _bpublicación a nivel nacional / _cHugo Chacón Núñez, Director y fundador |
||
| 260 |
_aCusco. _aLima. _bESCOMES, _c2014. |
||
| 300 |
_a42 páginas. : _bilustraciones ; _c29 cm. |
||
| 440 |
_aEl Burrito Cienciano. _nN°60, julio-agosto 2014. _947638 |
||
| 505 | _aContenido: Homenaje al Cusco eterno discurso del Dr. Manuel Jesús Aparicio. -- Ingeniería peruana llega al espacio. -- Día del idioma quechua Qosqo el idioma quechua. -- Héroe teniente EP Eduardo Astete Mendoza. -- Dr. Julio Miranda Bernal. -- Calles del sector sur oriental del norte a sur. | ||
| 650 |
_aSociedad cusqueña _947493 |
||
| 650 |
_aColegios del Cusco _924467 |
||
| 650 |
_aColegio Ciencias _947633 |
||
| 650 |
_aSiglo XX _947561 |
||
| 700 |
_aMarín, Lida _947628 |
||
| 700 |
_aChacón Málaga, Hugo _947630 |
||
| 700 |
_aCarreño, Ángel _927901 |
||
| 942 |
_2ddc _cPP |
||
| 945 | _arac | ||